000 00862 a2200277 4500
003 Nust
005 20170207171536.0
020 _a0070702624 (pbk.)
020 _a9780070702622 (pbk.)
035 _a(OCoLC)681842723
035 _a(OCoLC)ocn681842723
040 _cNust
082 0 4 _a621.367
100 1 _aGonzalez, Rafael C.
245 1 0 _aDigital image processing using MATLAB (E-BOOK)
_cRafael C. Gonzalez, Richard E, Woods, Steven L. Eddins.
250 _a2nd ed.
260 _aNew Delhi :
_bTata McGraw Hill Education,
_cc2010.
300 _axviii, 738 p. :
_bill. (some col.) ;
_c25 cm.
650 0 _aDigital bildbehandling
650 0 _aImage processing
_xDigital techniques
650 0 _aImage processing
_xDigital techniques.
650 0 _aMATLAB
651 _xE-BOOK
700 1 _aEddins, Steven L.,
_d1964-
700 1 _aWoods, Richard E.
_d1954-
942 _2ddc
_cBK
999 _c217261
_d217261